Efektivní motivace

Salvato in:
Dettagli Bibliografici
Autore principale: Adair, John
Altri autori: Vorlíčková, Lenka
Natura: Libro
Lingua:ceco
Pubblicazione: Praha Alfa Publishing 2004
Serie:Management
Soggetti:
Tags: Aggiungi Tag
Nessun Tag, puoi essere il primo ad aggiungerne!!

MARC

LEADER 00000nam$a2200000$$$4500
001 0023077
005 20240306141339.9
020 |a 80-86851-00-1 
041 0 |a cze 
044 |a CZ 
245 1 0 |a Efektivní motivace  |c John Adair ; překlad: Lenka Vorlíčková 
264 1 |a Praha  |b Alfa Publishing  |c 2004 
300 |a 178 s. 
490 1 |a Management 
830 0 |a Management 
610 2 0 |a motivácia 
610 2 0 |a motivácia pracovná 
610 2 0 |a vedenie ľudí 
610 2 0 |a tímy pracovné 
610 2 0 |a morálka pracovná 
610 2 0 |a podnety k práci 
610 2 0 |a práca s ľuďmi 
610 2 0 |a odmeňovanie 
610 2 0 |a výkony pracovné 
100 1 |a Adair, John 
700 1 |a Vorlíčková, Lenka